[Event "Brasil ch 2004 final"]
[Site "São José do Rio Preto"]
[Date "2005.02.17"]
[Round "6.4"]
[White "Fier, Alexandr"]
[Black "Van Riemsdijk, Herman Claudius"]
[Result "0-1"]
[WhiteElo "2489"]
[BlackElo "2409"]
[PlyCount "76"]
[EventDate "2005.02.14"]
[EventType "swiss"]
[EventRounds "9"]
[EventCountry "BRA"]
[Source "lmi"]
[SourceDate "2005.02.20"]

1. e4 c5 2. Nf3 e6 3. d4 cxd4 4. Nxd4 Nf6 5. Nc3 Nc6 6. Ndb5 Bb4 7. Bf4 Nxe4 8.
Qf3 d5 9. Nc7+ Kf8 10. O-O-O Bxc3 11. bxc3 Qe7 12. Kb2 g5 13. Nxa8 gxf4 14.
Qxf4 Qc5 15. Rd3 e5 16. Qh6+ Ke7 17. Qh4+ f6 18. Qh6 Rf8 19. Qxh7+ Rf7 20. Qh8
Be6 21. Rf3 Rf8 22. Qg7+ Bf7 23. g4 Rg8 24. Qh6 Rxa8 25. g5 Rg8 26. Rg1 fxg5
27. Bh3 Qd6 28. Qh7 Nf6 29. Qf5 Bg6 30. Qxg5 Be4 31. Qxg8 Nxg8 32. Rg7+ Kd8 33.
Rxg8+ Kc7 34. Rf7+ Kb6 35. f3 d4 36. fxe4 dxc3+ 37. Kxc3 Qd4+ 38. Kb3 Qb4# 0-1

[Event "Brasil ch 2004 final"]
[Site "São José do Rio Preto"]
[Date "2005.02.17"]
[Round "6.5"]
[White "Caldeira, Adriano"]
[Black "Matsuura, Everaldo"]
[Result "1/2-1/2"]
[WhiteElo "2320"]
[BlackElo "2462"]
[PlyCount "69"]
[EventDate "2005.02.14"]
[EventType "swiss"]
[EventRounds "9"]
[EventCountry "BRA"]
[Source "lmi"]
[SourceDate "2005.02.20"]

1. e4 c5 2. Nf3 Nc6 3. d4 cxd4 4. Nxd4 Nf6 5. Nc3 e5 6. Ndb5 d6 7. Bg5 a6 8.
Na3 b5 9. Bxf6 gxf6 10. Nd5 f5 11. Bd3 Be6 12. c3 Bg7 13. Qh5 O-O 14. exf5 Bxd5
15. f6 e4 16. fxg7 Re8 17. Be2 Re5 18. Qh6 Ra7 19. Nc2 f5 20. Qd2 Rxg7 21.
O-O-O Bxa2 22. Qxd6 Qg5+ 23. Ne3 Rg6 24. Qd7 Bf7 25. g3 b4 26. h4 Qf6 27. h5
Rh6 28. g4 bxc3 29. g5 cxb2+ 30. Kb1 Ba2+ 31. Kxa2 Ra5+ 32. Kb3 Ra3+ 33. Kxa3
Qc3+ 34. Ka2 Qa5+ 35. Kxb2 1/2-1/2

[Event "Brasil ch 2004 final"]
[Site "São José do Rio Preto"]
[Date "2005.02.17"]
[Round "6.8"]
[White "Di Berardino, Diego Rafael"]
[Black "Calheiros de Miranda Jr, Roberto"]
[Result "1-0"]
[WhiteElo "2358"]
[BlackElo "2208"]
[PlyCount "91"]
[EventDate "2005.02.14"]
[EventType "swiss"]
[EventRounds "9"]
[EventCountry "BRA"]
[Source "lmi"]
[SourceDate "2005.02.20"]

1. e4 c5 2. Nf3 Nc6 3. d4 cxd4 4. Nxd4 Qc7 5. Nc3 e6 6. Be2 Bb4 7. O-O Nf6 8.
a3 Be7 9. Be3 a6 10. f4 d6 11. Kh1 O-O 12. Qe1 Re8 13. Qg3 Kh8 14. Nxc6 bxc6
15. e5 Nd5 16. Bd4 f5 17. Nxd5 exd5 18. Bh5 Rf8 19. Rae1 c5 20. exd6 Bxd6 21.
Be5 Bb7 22. Qh4 Bxe5 23. Rxe5 Qb6 24. Rfe1 d4 25. Re6 Qxb2 26. Bg6 h6 27. Bxf5
Rxf5 28. Rxh6+ gxh6 29. Qxh6+ Kg8 30. Qg6+ Kh8 31. Qxf5 Qxa3 32. Qh5+ Kg8 33.
Qg4+ Kh8 34. Qh4+ Kg8 35. h3 Rf8 36. Qg5+ Kh8 37. Qh4+ Kg8 38. Kh2 Bxg2 39.
Qg5+ Kh8 40. Qh6+ Kg8 41. Qg6+ Kh8 42. Qh6+ Kg8 43. Rg1 Qe3 44. Rxg2+ Kf7 45.
Rg7+ Ke8 46. Qc6+ 1-0

[Event "Brasil ch 2004 final"]
[Site "São José do Rio Preto"]
[Date "2005.02.17"]
[Round "6.9"]
[White "El Debs, Felipe de Cresce"]
[Black "Bil, Angelo"]
[Result "1-0"]
[WhiteElo "2351"]
[BlackElo "2135"]
[PlyCount "91"]
[EventDate "2005.02.14"]
[EventType "swiss"]
[EventRounds "9"]
[EventCountry "BRA"]
[Source "lmi"]
[SourceDate "2005.02.20"]

1. d4 d5 2. Nf3 Nf6 3. e3 e6 4. Bd3 c5 5. O-O Nc6 6. b3 Be7 7. Bb2 O-O 8. Nbd2
b5 9. a3 Bb7 10. Qe2 Rc8 11. Rfd1 cxd4 12. exd4 Bd6 13. Ne5 Ne7 14. f4 Qc7 15.
Rac1 Ng6 16. Rf1 Rfe8 17. Rf2 Qe7 18. Ra1 Rc7 19. c3 Nf8 20. Rf3 Ng6 21. g3 Nd7
22. Re3 Ndf8 23. Ndf3 Qd8 24. Re1 Bxe5 25. Nxe5 Nd7 26. Nxd7 Qxd7 27. a4 Rcc8
28. f5 Nf8 29. Ba3 Rxc3 30. fxe6 Rxe6 31. Bxf8 Rxe3 32. Qxe3 Kxf8 33. Qd2 Rc8
34. Qb4+ Kg8 35. Re7 Qc6 36. Qe1 Rf8 37. Bxb5 Qc8 38. Bd7 Qd8 39. Be8 Bc8 40.
Bxf7+ Kh8 41. Qe5 Ba6 42. Bxd5 Rf1+ 43. Kg2 Qf8 44. Re8 Rf2+ 45. Kh3 Bc8+ 46.
g4 1-0

[Event "Brasil ch 2004 final"]
[Site "São José do Rio Preto"]
[Date "2005.02.17"]
[Round "6.11"]
[White "Marra, Eduardo da Costa"]
[Black "Rodrigues da Silva, Alessandro"]
[Result "1/2-1/2"]
[WhiteElo "2261"]
[BlackElo "2204"]
[PlyCount "92"]
[EventDate "2005.02.14"]
[EventType "swiss"]
[EventRounds "9"]
[EventCountry "BRA"]
[Source "lmi"]
[SourceDate "2005.02.20"]

1. e4 c5 2. Nc3 d6 3. Nf3 g6 4. d4 cxd4 5. Nxd4 Bg7 6. Be3 Nc6 7. Qd2 Nf6 8. f3
O-O 9. O-O-O d5 10. Kb1 Nxd4 11. e5 Nf5 12. exf6 Bxf6 13. Nxd5 Qxd5 14. Qxd5
Nxe3 15. Qd2 Nxd1 16. Qxd1 Be6 17. Bd3 Rfd8 18. Qe2 Rd6 19. h4 Rb6 20. b3 a5
21. Qe3 Rb4 22. h5 g5 23. h6 a4 24. Be4 axb3 25. cxb3 Rxb3+ 26. axb3 Ra1+ 27.
Kc2 Rxh1 28. f4 Rh5 29. Qd2 Rxh6 30. fxg5 Rh5 31. gxf6 exf6 32. Qf2 Kg7 33.
Bxb7 Bxb3+ 34. Kd2 Be6 35. Bf3 Ra5 36. Qg3+ Rg5 37. Qh4 Bf5 38. Ke3 Bg6 39. Qd4
Re5+ 40. Kf2 Rg5 41. Qd7 Re5 42. Kg3 Rg5+ 43. Kf4 Re5 44. g4 Rg5 45. Be4 Bxe4
46. Kxe4 Re5+ 1/2-1/2

[Event "Brasil ch 2004 final"]
[Site "São José do Rio Preto"]
[Date "2005.02.17"]
[Round "6.12"]
[White "Name, Gabriel Ricardo S"]
[Black "Araujo, Adalberto"]
[Result "1/2-1/2"]
[WhiteElo "2198"]
[BlackElo "2258"]
[PlyCount "138"]
[EventDate "2005.02.14"]
[EventType "swiss"]
[EventRounds "9"]
[EventCountry "BRA"]
[Source "lmi"]
[SourceDate "2005.02.20"]

1. d4 e6 2. c4 f5 3. g3 Nf6 4. Bg2 d5 5. Nf3 c6 6. Nbd2 Bd6 7. Qc2 O-O 8. O-O
Nbd7 9. Ne1 Qe7 10. Ndf3 b6 11. Nd3 Bb7 12. Bf4 Bxf4 13. Nxf4 Rfc8 14. Qb3 Ne4
15. cxd5 cxd5 16. h4 Ndf6 17. a3 Ng4 18. Qd3 a5 19. Bh3 Ba6 20. Qd1 Ngf6 21.
Qb3 Qd6 22. Rfc1 Bc4 23. Qe3 Nd7 24. Rc2 a4 25. Rac1 b5 26. Kg2 Rf8 27. Nd3
Rac8 28. h5 Rf6 29. Nfe5 Rh6 30. f3 Nef6 31. g4 fxg4 32. fxg4 Ne4 33. Rf1 Rf6
34. Rcc1 Rcf8 35. g5 Rxf1 36. Rxf1 Rxf1 37. Kxf1 Nf8 38. Qf4 Qc7 39. Nf3 Qf7
40. Qxf7+ Kxf7 41. Nf4 h6 42. gxh6 gxh6 43. Ne5+ Kf6 44. Ke1 Bb3 45. Nfd3 Ng5
46. Bg4 Bc2 47. Nc5 Bf5 48. Bxf5 Kxf5 49. Ned3 Ne4 50. Na6 Nd7 51. Nc7 Nef6 52.
Nc5 Nb6 53. Nxb5 Nxh5 54. Nc3 Nf4 55. e3 Ng6 56. N5xa4 Nc4 57. Kf2 h5 58. b4
Nxa3 59. b5 Nxb5 60. Nxb5 e5 61. Nac3 exd4 62. Nxd5 Ke5 63. Nbc3 Kd6 64. Kg3
Kc5 65. Nf4 Kb4 66. Nfe2 Ne7 67. Kf4 Nc8 68. Ke5 Nb6 69. Nf4 Nc4+ 1/2-1/2

[Event "Brasil ch 2004 final"]
[Site "São José do Rio Preto"]
[Date "2005.02.17"]
[Round "6.14"]
[White "De Paula, Guilherme"]
[Black "Macedo, Maximo Iack"]
[Result "0-1"]
[WhiteElo "2135"]
[BlackElo "2094"]
[PlyCount "74"]
[EventDate "2005.02.14"]
[EventType "swiss"]
[EventRounds "9"]
[EventCountry "BRA"]
[Source "lmi"]
[SourceDate "2005.02.20"]

1. f4 d5 2. g3 Bg4 3. Bg2 c6 4. h3 Bf5 5. d3 e6 6. e4 dxe4 7. dxe4 Qxd1+ 8.
Kxd1 Bg6 9. g4 f6 10. Be3 Nd7 11. Nd2 e5 12. f5 Bf7 13. Bf1 Bc5 14. Ke2 O-O-O
15. Ngf3 h6 16. Kf2 Ne7 17. Bc4 Bxc4 18. Nxc4 Kc7 19. Rhd1 Bxe3+ 20. Kxe3 Nc8
21. Rd2 Ndb6 22. Nxb6 Nxb6 23. b3 Rxd2 24. Kxd2 Nc8 25. Rd1 Rd8+ 26. Ke2 Nd6
27. Nd2 Nb5 28. Ke3 Nc3 29. Ra1 Kd7 30. a4 Ke7 31. h4 Rd4 32. Rg1 Kf7 33. g5
hxg5 34. hxg5 fxg5 35. Rg4 Nd5+ 36. Ke2 Nf6 37. Rxg5 Rxd2+ 0-1

[Event "Brasil ch 2004 final"]
[Site "São José do Rio Preto"]
[Date "2005.02.18"]
[Round "7.1"]
[White "Limp, Eduardo"]
[Black "Milos, Gilberto"]
[Result "1/2-1/2"]
[WhiteElo "2445"]
[BlackElo "2598"]
[PlyCount "71"]
[EventDate "2005.02.14"]
[EventType "swiss"]
[EventRounds "9"]
[EventCountry "BRA"]
[Source "lmi"]
[SourceDate "2005.02.20"]

1. Nf3 Nf6 2. d4 g6 3. c3 Bg7 4. g3 O-O 5. Bg2 d6 6. O-O Nbd7 7. Re1 e5 8. e4
Qe7 9. dxe5 dxe5 10. Qc2 Rd8 11. Nbd2 a5 12. a4 Nc5 13. Bf1 b6 14. b3 Bb7 15.
Ba3 Bf8 16. Bc4 Ne8 17. Bd3 c6 18. Bc4 Qf6 19. Be2 Ba6 20. Bxa6 Rxa6 21. Kg2 b5
22. axb5 cxb5 23. Nf1 Qe6 24. Bxc5 Bxc5 25. Ne3 Bxe3 26. Rxe3 f6 27. Nd2 Qd7
28. Nf1 Qc6 29. f3 a4 30. bxa4 bxa4 31. c4 Nd6 32. Rea3 Nxc4 33. Rxa4 Rxa4 34.
Qxa4 Qc5 35. Qa7 Qb4 36. Qc7 1/2-1/2

[Event "Brasil ch 2004 final"]
[Site "São José do Rio Preto"]
[Date "2005.02.18"]
[Round "7.2"]
[White "Van Riemsdijk, Herman Claudius"]
[Black "Leitão, Rafael"]
[Result "0-1"]
[WhiteElo "2409"]
[BlackElo "2580"]
[PlyCount "74"]
[EventDate "2005.02.14"]
[EventType "swiss"]
[EventRounds "9"]
[EventCountry "BRA"]
[Source "lmi"]
[SourceDate "2005.02.20"]

1. d4 Nf6 2. Nf3 g6 3. g3 Bg7 4. Bg2 O-O 5. O-O d6 6. c4 Nc6 7. Nc3 a6 8. Qc2
Rb8 9. Rd1 Bd7 10. e4 e5 11. d5 Ne7 12. b4 Ne8 13. c5 h6 14. Nd2 f5 15. exf5
gxf5 16. Nc4 f4 17. Be4 Nf6 18. Bb2 Bg4 19. f3 Nxe4 20. Qxe4 Bf5 21. Qe2 fxg3
22. hxg3 Bg6 23. Ne4 Nf5 24. Rac1 Qe7 25. Ne3 Nd4 26. Bxd4 exd4 27. cxd6 cxd6
28. Ng2 Be5 29. Nf2 Rbe8 30. f4 Bg7 31. Qf3 Qe2 32. Nh4 Bc2 33. Qxe2 Rxe2 34.
Re1 Rfe8 35. Rxe2 Rxe2 36. Kf1 d3 37. Nf3 d2 0-1

[Event "Brasil ch 2004 final"]
[Site "São José do Rio Preto"]
[Date "2005.02.18"]
[Round "7.3"]
[White "Matsuura, Frederico"]
[Black "Lima, Darcy"]
[Result "0-1"]
[WhiteElo "2280"]
[BlackElo "2529"]
[PlyCount "140"]
[EventDate "2005.02.14"]
[EventType "swiss"]
[EventRounds "9"]
[EventCountry "BRA"]
[Source "lmi"]
[SourceDate "2005.02.20"]

1. d4 Nf6 2. Nf3 e6 3. Bg5 c5 4. c3 d5 5. e3 Nbd7 6. Nbd2 Qc7 7. Bd3 c4 8. Bc2
b5 9. e4 dxe4 10. Nxe4 Bb7 11. Qe2 Bd5 12. O-O Qc6 13. Rfe1 h6 14. Bh4 Be7 15.
Nxf6+ gxf6 16. Be4 Bxe4 17. Qxe4 Qxe4 18. Rxe4 Nb6 19. Ree1 Kd7 20. Nd2 Rhc8
21. Nf1 a5 22. Ne3 b4 23. Rec1 Rc6 24. Kf1 Rac8 25. Ke2 Nd5 26. Nxd5 exd5 27.
Kf3 a4 28. Bg3 Rb6 29. cxb4 Bxb4 30. Bf4 Bd6 31. Bxh6 Rh8 32. Be3 Rxh2 33. Rc2
a3 34. bxa3 Ra6 35. Re1 Bxa3 36. Ree2 Rh1 37. Kg4 Re6 38. Kf5 Ke7 39. g4 Rh3
40. g5 fxg5 41. Bxg5+ Kd7 42. Re5 Rxe5+ 43. Kxe5 Rf3 44. Bc1 Bxc1 45. Rxc1 Kc6
46. Rc2 Rd3 47. f4 f6+ 48. Kxf6 Rxd4 49. f5 Rd1 50. Rf2 Kd6 51. Kg7 Rg1+ 52.
Kf8 c3 53. f6 Rb1 54. f7 d4 55. Kg8 Rb8+ 56. f8=Q+ Rxf8+ 57. Kxf8 d3 58. Rf3 d2
59. Rd3+ Ke5 60. Ke7 c2 61. Rxd2 c1=Q 62. Re2+ Kd5 63. Re6 Qg5+ 64. Kf7 Qf5+
65. Rf6 Qh7+ 66. Ke8 Ke5 67. Rf2 Qg8+ 68. Kd7 Qg4+ 69. Kc6 Qc4+ 70. Kb7 Qb5+
0-1

[Event "Brasil ch 2004 final"]
[Site "São José do Rio Preto"]
[Date "2005.02.18"]
[Round "7.7"]
[White "El Debs, Felipe de Cresce"]
[Black "Fier, Alexandr"]
[Result "1-0"]
[WhiteElo "2351"]
[BlackElo "2489"]
[PlyCount "139"]
[EventDate "2005.02.14"]
[EventType "swiss"]
[EventRounds "9"]
[EventCountry "BRA"]
[Source "lmi"]
[SourceDate "2005.02.20"]

1. d4 Nf6 2. Nf3 e6 3. e3 b6 4. Bd3 Bb7 5. Nbd2 d5 6. O-O c5 7. b3 Be7 8. Bb2
O-O 9. Qe2 Ne4 10. c4 Bf6 11. Rac1 Nxd2 12. Nxd2 dxc4 13. bxc4 cxd4 14. exd4
Bxd4 15. Bxh7+ Kxh7 16. Qd3+ Kg8 17. Qxd4 Qxd4 18. Bxd4 Na6 19. Nb3 Rac8 20. c5
b5 21. a3 Bc6 22. Na5 b4 23. axb4 Nxb4 24. Rb1 Nd5 25. Be5 a6 26. Bd6 Rfe8 27.
Rfc1 e5 28. g3 Re6 29. Nc4 Rce8 30. Rb8 Rxb8 31. Bxb8 f6 32. Na5 Kf7 33. h4 Nb4
34. Rb1 Nc2 35. Rb6 Be4 36. Bd6 Nd4 37. Kf1 Bd3+ 38. Ke1 Bb5 39. Rb7+ Kg8 40.
Kd2 Re8 41. Kc3 Rc8 42. Nc4 Nf5 43. Bc7 Ne7 44. Nb6 Re8 45. Bd6 Nf5 46. Ra7 Re6
47. Nc8 Re8 48. Rc7 e4 49. Ne7+ Nxe7 50. Bxe7 Kf7 51. Bd6+ Kg6 52. Kd4 Kh6 53.
c6 g5 54. Kd5 Be2 55. Re7 Rc8 56. c7 gxh4 57. gxh4 Kh5 58. Rh7+ Kg6 59. Rd7 Kh5
60. Rd8 Bg4 61. Kc6 Kxh4 62. Kb7 Rxc7+ 63. Bxc7 Kh3 64. Kxa6 Kg2 65. Bb6 f5 66.
Rf8 Kf3 67. Ka5 Ke2 68. Kb4 Kd3 69. Be3 Bh3 70. Kc5 1-0

[Event "Brasil ch 2004 final"]
[Site "São José do Rio Preto"]
[Date "2005.02.18"]
[Round "7.8"]
[White "Asfora, Marco"]
[Black "Galati, Mario Augusto"]
[Result "0-1"]
[WhiteElo "2308"]
[BlackElo "2195"]
[PlyCount "95"]
[EventDate "2005.02.14"]
[EventType "swiss"]
[EventRounds "9"]
[EventCountry "BRA"]
[Source "lmi"]
[SourceDate "2005.02.20"]

1. e4 c5 2. d3 e6 3. g3 Nc6 4. Bg2 Nf6 5. Nf3 d5 6. Nbd2 Be7 7. O-O O-O 8. Re1
Rb8 9. e5 Nd7 10. Nf1 b5 11. h4 Qc7 12. Bf4 Nd4 13. N1h2 Bb7 14. Ng5 h6 15.
Ngf3 Nf5 16. Bh3 Nb6 17. Qd2 d4 18. h5 Nd5 19. Bg2 Rfd8 20. g4 Nxf4 21. Qxf4
Nh4 22. Nxh4 Bxh4 23. Bxb7 Bg5 24. Qg3 Qxb7 25. f4 Be7 26. Re2 Qd5 27. g5 Kf8
28. g6 f5 29. exf6 Bxf6 30. Qg4 Re8 31. Rae1 Rb6 32. a3 Re7 33. Nf3 Qf5 34.
Qxf5 exf5 35. Rxe7 Bxe7 36. Re5 Rf6 37. Nh4 Bd6 38. Rxf5 Ke7 39. Rxf6 Kxf6 40.
Kg2 Bxf4 41. Kf3 Bc1 42. b4 Bxa3 43. bxc5 Bxc5 44. Kg4 a5 45. Nf3 a4 46. Nd2
Bb4 47. Ne4+ Ke6 48. Nf2 0-1

[Event "Brasil ch 2004 final"]
[Site "São José do Rio Preto"]
[Date "2005.02.18"]
[Round "7.9"]
[White "Chemin, Vitorio"]
[Black "Araujo, Alcides Alexandre"]
[Result "1-0"]
[WhiteElo "2363"]
[BlackElo "2175"]
[PlyCount "97"]
[EventDate "2005.02.14"]
[EventType "swiss"]
[EventRounds "9"]
[EventCountry "BRA"]
[Source "lmi"]
[SourceDate "2005.02.20"]

1. d4 Nf6 2. Nf3 e6 3. e3 Be7 4. Bd3 d5 5. Nbd2 O-O 6. O-O Nbd7 7. b3 c5 8. Qe2
b6 9. Bb2 Bb7 10. Ne5 Ne4 11. Nxd7 Qxd7 12. Bb5 Qc7 13. Nxe4 dxe4 14. dxc5 Bxc5
15. Rfd1 Rfd8 16. Qg4 Bf8 17. Rxd8 Rxd8 18. Qe2 Bd6 19. g3 Qc8 20. a4 Qc7 21.
Rd1 Bd5 22. Qd2 Be7 23. Qc1 Bb7 24. Be2 Rc8 25. c4 Rd8 26. Bd4 h6 27. Qb2 f6
28. b4 Bc6 29. Ra1 e5 30. Bc3 Be8 31. a5 Bf7 32. axb6 axb6 33. Rc1 Bxc4 34.
Bxe5 Qxe5 35. Qxe5 fxe5 36. Rxc4 Kf7 37. Rxe4 Kf6 38. f4 exf4 39. gxf4 Bd6 40.
h4 Rd7 41. Kf2 Kf5 42. Rd4 Rd8 43. h5 Be7 44. Rc4 Rd2 45. Rc6 Bxb4 46. Kf3 Rd6
47. Rc7 g5 48. e4+ Ke6 49. Bc4+ 1-0

[Event "Brasil ch 2004 final"]
[Site "São José do Rio Preto"]
[Date "2005.02.18"]
[Round "7.10"]
[White "Calheiros de Miranda Jr, Roberto"]
[Black "Marra, Eduardo da Costa"]
[Result "1/2-1/2"]
[WhiteElo "2208"]
[BlackElo "2261"]
[PlyCount "169"]
[EventDate "2005.02.14"]
[EventType "swiss"]
[EventRounds "9"]
[EventCountry "BRA"]
[Source "lmi"]
[SourceDate "2005.02.20"]

1. e4 e5 2. Nf3 Nc6 3. Bc4 Nf6 4. d3 Be7 5. O-O O-O 6. Nc3 d6 7. h3 Na5 8. Bb3
Nxb3 9. axb3 Nd7 10. d4 c6 11. Qd3 exd4 12. Nxd4 Nc5 13. Qg3 Bf6 14. Rd1 Re8
15. f3 d5 16. Nde2 Be6 17. Be3 Nd7 18. Bd4 Bxd4+ 19. Nxd4 dxe4 20. Nxe4 Qb6 21.
Kh1 Bd5 22. Nf5 g6 23. Ned6 Re2 24. Nd4 Re5 25. f4 Rh5 26. c4 c5 27. N4f5 Be6
28. Ne7+ Kf8 29. f5 Kxe7 30. fxe6 fxe6 31. Nb5 Nf6 32. Qe3 Qc6 33. Nxa7 Qe4 34.
Qg3 Kf7 35. Re1 Qh4 36. Qc7+ Kg8 37. Qxb7 Rf8 38. Rf1 Rf5 39. Rxf5 exf5 40. Nc6
Rf7 41. Qc8+ Kg7 42. Ne5 Re7 43. Qxc5 Ne4 44. Qd5 Nf2+ 45. Kg1 Qg3 46. Qf3
Nxh3+ 47. Kf1 Qxe5 48. Qxh3 Qxb2 49. Re1 Rb7 50. Re3 Ra7 51. Kg1 Qc1+ 52. Kh2
Qd1 53. Rd3 Qe2 54. Re3 Qd1 55. c5 Qd4 56. Rc3 Ra1 57. Qe3 Qh4+ 58. Qh3 Qf4+
59. Qg3 Qh6+ 60. Qh3 Qf4+ 61. Qg3 Qh6+ 62. Qh3 Qd2 63. Qe3 Qd1 64. Qe5+ Kf7 65.
c6 Qh1+ 66. Kg3 Rf1 67. Rf3 Rxf3+ 68. Kxf3 Qd1+ 69. Kf2 Qc2+ 70. Kg1 Qxc6 71.
Qe3 Qd6 72. Qc3 Qa3 73. Qc4+ Kf6 74. b4 Qa1+ 75. Kh2 Qe5+ 76. Kh1 Qe1+ 77. Kh2
Qe5+ 78. Kh1 Qe1+ 79. Kh2 Kg5 80. b5 f4 81. Qb3 Qh4+ 82. Qh3 Qf2 83. Qf3 Qh4+
84. Kg1 Qe1+ 85. Kh2 1/2-1/2

[Event "Brasil ch 2004 final"]
[Site "São José do Rio Preto"]
[Date "2005.02.18"]
[Round "7.11"]
[White "Rodrigues da Silva, Alessandro"]
[Black "De Paula, Guilherme"]
[Result "1-0"]
[WhiteElo "2204"]
[BlackElo "2135"]
[PlyCount "37"]
[EventDate "2005.02.14"]
[EventType "swiss"]
[EventRounds "9"]
[EventCountry "BRA"]
[Source "lmi"]
[SourceDate "2005.02.20"]

1. d4 f5 2. Nf3 Nf6 3. c3 g6 4. h4 Bg7 5. Qc2 d5 6. Bf4 h6 7. Ne5 Nh5 8. Nxg6
Nxf4 9. Nxf4 Qd6 10. Nh5 Bf8 11. e3 e5 12. dxe5 Qxe5 13. Nf4 Rg8 14. Be2 c6 15.
Nd2 Bd6 16. O-O-O Be6 17. Nf3 Qf6 18. Nxe6 Qxe6 19. Nd4 1-0

[Event "Brasil ch 2004 final"]
[Site "São José do Rio Preto"]
[Date "2005.02.18"]
[Round "7.13"]
[White "Macedo, Maximo Iack"]
[Black "Capatti, Eduardo"]
[Result "0-1"]
[WhiteElo "2094"]
[BlackElo "2162"]
[PlyCount "105"]
[EventDate "2005.02.14"]
[EventType "swiss"]
[EventRounds "9"]
[EventCountry "BRA"]
[Source "lmi"]
[SourceDate "2005.02.20"]

1. d4 Nf6 2. Nf3 g6 3. Bf4 Bg7 4. e3 O-O 5. Be2 b6 6. O-O Bb7 7. h3 d6 8. c4 c5
9. Nc3 Nc6 10. d5 Nb8 11. Qd2 Nbd7 12. Rad1 a6 13. e4 Qb8 14. Bh2 Rd8 15. Nh4
Ra7 16. f4 Ne8 17. Nf3 Bc8 18. g4 Rb7 19. a4 Nf8 20. e5 Nc7 21. Bd3 Ne8 22. Qe2
e6 23. f5 exf5 24. gxf5 dxe5 25. Bxe5 Bxe5 26. Qxe5 Nd6 27. fxg6 Nxg6 28. Qh5
Ne8 29. Ng5 f6 30. Nge4 Nf4 31. Qh4 Rg7+ 32. Kh1 Ng2 33. Nxf6+ Nxf6 34. Qxf6
Bxh3 35. Ne4 Ne3 36. Rg1 Ng4 37. Rxg4 Bxg4 38. Rf1 Rf8 39. Qxf8+ Qxf8 40. Rxf8+
Kxf8 41. Nf6 h5 42. d6 Kf7 43. d7 Ke7 44. Nd5+ Kxd7 45. Nxb6+ Kc6 46. a5 Bf3+
47. Kh2 Rg2+ 48. Kh3 Rxb2 49. Kg3 Bh1 50. Bf5 Ra2 51. Bd7+ Kc7 52. Be8 Rxa5 53.
Nd5+ 0-1

[Event "Brasil ch 2004 final"]
[Site "São José do Rio Preto"]
[Date "2005.02.18"]
[Round "7.14"]
[White "Araujo, Adalberto"]
[Black "Tasoko, Toshinobo"]
[Result "1-0"]
[WhiteElo "2258"]
[BlackElo "1935"]
[PlyCount "129"]
[EventDate "2005.02.14"]
[EventType "swiss"]
[EventRounds "9"]
[EventCountry "BRA"]
[Source "lmi"]
[SourceDate "2005.02.20"]

1. e4 c5 2. Nf3 Nc6 3. Nc3 e6 4. d4 cxd4 5. Nxd4 Bb4 6. Ndb5 d5 7. exd5 exd5 8.
Qxd5 a6 9. Qxd8+ Kxd8 10. Na3 Bf5 11. Bg5+ f6 12. O-O-O+ Ke8 13. Be3 Nge7 14.
Nc4 Be6 15. Nd6+ Bxd6 16. Rxd6 Kf7 17. Rd2 Rhd8 18. Rxd8 Rxd8 19. Be2 b5 20. a3
f5 21. Bb6 Rd7 22. Re1 Nd4 23. Bxd4 Rxd4 24. Bf3 g5 25. Bb7 Rd6 26. Re5 Rb6 27.
Ba8 Kf6 28. Rc5 Rd6 29. Rc7 Rd7 30. Rc5 Bc4 31. b3 Be6 32. g3 h6 33. Bg2 Bf7
34. a4 bxa4 35. Nxa4 Bh5 36. Nc3 Bf7 37. Ra5 Rd6 38. g4 Be6 39. gxf5 Bxf5 40.
Bf1 Nc6 41. Rxa6 Ke5 42. Nb5 Rf6 43. Bg2 Nb4 44. Rxf6 Kxf6 45. Nd4 Na6 46. Kd2
Ke5 47. Nxf5 Kxf5 48. Ke3 Ke5 49. c3 Nc5 50. b4 Ne6 51. b5 Kd6 52. b6 Nc5 53.
c4 Na4 54. Kd4 Nc5 55. b7 Ne6+ 56. Ke3 Kc7 57. Be4 Nc5 58. Kd4 Nxb7 59. Bxb7
Kxb7 60. Kd5 Kc7 61. f3 Kd7 62. h3 h5 63. Ke4 Ke6 64. c5 h4 65. c6 1-0

[Event "Brasil ch 2004 final"]
[Site "São José do Rio Preto"]
[Date "2005.02.19"]
[Round "8.1"]
[White "Leitão, Rafael"]
[Black "Coelho, Luis"]
[Result "1-0"]
[WhiteElo "2580"]
[BlackElo "2381"]
[PlyCount "103"]
[EventDate "2005.02.14"]
[EventType "swiss"]
[EventRounds "9"]
[EventCountry "BRA"]
[Source "lmi"]
[SourceDate "2005.02.20"]

1. e4 e5 2. Nf3 Nf6 3. Nxe5 d6 4. Nf3 Nxe4 5. d4 d5 6. Bd3 Nc6 7. O-O Be7 8. c4
Nb4 9. Be2 O-O 10. Nc3 Bf5 11. a3 Nxc3 12. bxc3 Nc6 13. Re1 Re8 14. cxd5 Qxd5
15. Bf4 Rac8 16. Bd3 Qd7 17. Rb1 Bxd3 18. Qxd3 b6 19. d5 Bf6 20. c4 h6 21. h4
Rxe1+ 22. Rxe1 Ne7 23. Be5 Qf5 24. Qd4 Ng6 25. Bxf6 Qxf6 26. Qxf6 gxf6 27. h5
Nf4 28. Nd4 Kf8 29. Re4 Nxh5 30. Rh4 Ng7 31. Rxh6 Re8 32. Rxf6 Re1+ 33. Kh2 Rc1
34. Rc6 Ne8 35. Nb5 Nd6 36. a4 a6 37. Nxc7 Rxc4 38. Rxd6 Rxc7 39. Rxb6 Rc2 40.
Kg3 Rd2 41. Rxa6 Rxd5 42. Ra7 Kg7 43. a5 Kf6 44. a6 Rg5+ 45. Kf3 Rf5+ 46. Ke3
Re5+ 47. Kd3 Rd5+ 48. Kc4 Rd2 49. Rb7 Rxf2 50. a7 Ra2 51. Kb5 Kg7 52. Kb6 1-0

[Event "Brasil ch 2004 final"]
[Site "São José do Rio Preto"]
[Date "2005.02.19"]
[Round "8.7"]
[White "Di Berardino, Diego Rafael"]
[Black "Rodrigues da Silva, Alessandro"]
[Result "1-0"]
[WhiteElo "2358"]
[BlackElo "2204"]
[PlyCount "119"]
[EventDate "2005.02.14"]
[EventType "swiss"]
[EventRounds "9"]
[EventCountry "BRA"]
[Source "lmi"]
[SourceDate "2005.02.20"]

1. e4 c5 2. Nf3 d6 3. d4 cxd4 4. Nxd4 Nf6 5. Nc3 g6 6. Be3 Nc6 7. f3 Bg7 8. Qd2
O-O 9. Bc4 Bd7 10. Bb3 Na5 11. h4 Nxb3 12. axb3 Be6 13. h5 Nxh5 14. Bh6 Bxh6
15. Qxh6 Qb6 16. O-O-O Rfc8 17. Kb1 Rxc3 18. bxc3 Qc5 19. Qd2 Bd7 20. Ne2 a5
21. Qd4 Qg5 22. Qd5 Qxd5 23. Rxd5 Bc6 24. Rd2 Nf6 25. Kb2 b6 26. c4 h5 27. Nf4
h4 28. Nd5 Bxd5 29. exd5 g5 30. g3 hxg3 31. Rg2 Kg7 32. Rxg3 Kg6 33. Rhg1 Nh7
34. f4 f6 35. Ka3 Rc8 36. Ka4 Rc5 37. Re3 Kf7 38. Rh1 Nf8 39. fxg5 fxg5 40.
Rf1+ Ke8 41. Rg1 Nd7 42. Rxg5 b5+ 43. cxb5 Rxc2 44. Kxa5 Ra2+ 45. Kb4 Nb6 46.
Rc3 Rd2 47. Ka5 Nxd5 48. Rxd5 Rxd5 49. Ka6 Rg5 50. b6 Kd7 51. b7 Rg8 52. Kb6
Rb8 53. Ka7 Rh8 54. b8=Q Rxb8 55. Kxb8 d5 56. Kb7 d4 57. Rh3 Kd6 58. Kb6 Ke5
59. Kb5 Kd5 60. Kb4 1-0

[Event "Brasil ch 2004 final"]
[Site "São José do Rio Preto"]
[Date "2005.02.19"]
[Round "8.8"]
[White "Fier, Alexandr"]
[Black "Chemin, Vitorio"]
[Result "1-0"]
[WhiteElo "2489"]
[BlackElo "2363"]
[PlyCount "53"]
[EventDate "2005.02.14"]
[EventType "swiss"]
[EventRounds "9"]
[EventCountry "BRA"]
[Source "lmi"]
[SourceDate "2005.02.20"]

1. e4 c5 2. Nf3 d6 3. d4 cxd4 4. Nxd4 Nf6 5. Nc3 Nc6 6. Bc4 e6 7. Be3 a6 8. Qe2
Qc7 9. O-O-O Na5 10. Bd3 b5 11. Bg5 b4 12. Nd5 exd5 13. Bxf6 gxf6 14. exd5+ Be7
15. Rhe1 Ra7 16. Qh5 Qc5 17. Bf5 Bxf5 18. Nxf5 Rf8 19. Qe2 Nc6 20. Ng7+ Kd8 21.
dxc6 Qg5+ 22. f4 Qxg7 23. Qe3 Rc7 24. Qb6 Kc8 25. Qxa6+ Kd8 26. Qa8+ Rc8 27.
Qb7 1-0